000 00342nam a22001457a 4500
003 OSt
008 240409b |||||||| |||| 00| 0 eng d
020 _a9781472154606
100 _aWARD,Sophie
245 _aLove and Others Thourght Experiments
250 _a1st Ed
260 _aLondon
_bHachette
_c2020
300 _a259
942 _2ddc
_cREF
999 _c12412
_d12412